header

Assigning cultural values (Record no. 11132)

MARC details
000 -LEADER
fixed length control field 01558nam a2200361 a 4500
082 04 - DEWEY DECIMAL CLASSIFICATION NUMBER
Classification number 306
245 00 - TITLE STATEMENT
Title Assigning cultural values
260 ## - PUBLICATION, DISTRIBUTION, ETC. (IMPRINT)
Place of publication Frankfurt am Main [Germany] :
Name of publisher PL Academic Research,
Year of publication 2013.
300 ## - PHYSICAL DESCRIPTION
Number of Pages 298 p. :
Other physical details ill. (some col.)
505 0# - FORMATTED CONTENTS NOTE
Formatted contents note pt. 1. The aesthetic and cultural values of science -- pt. 2. Challenging the aestheticization of sexuality and the value of gender roles -- pt. 3. Constructing aesthetic value -- pt. 4. The aesthetics of places -- pt. 5. Cultural value in the museum.
650 #0 - SUBJECT ADDED ENTRY--TOPICAL TERM
Topical Term Social values.
Topical Term Group values (Sociology)
Topical Term Social values
Topical Term Group values (Sociology)
700 1# - ADDED ENTRY--PERSONAL NAME
Personal name Aukrust, Kjerstin.
856 40 - ELECTRONIC LOCATION AND ACCESS
Uniform Resource Identifier http://site.ebrary.com/lib/rucke/Doc?id=10690907

No items available.

© 2026 Rongo University
Contact us: librarian | system librarian | Rongo university